Los 131 personajes que más han influido en la formación de nuestro mundo.
Saved in:
| Hovedforfatter: | |
|---|---|
| Format: | Bog |
| Sprog: | spansk |
| Udgivet: |
Santiago, Chile
Planeta
1986
|
| Fag: | |
| Tags: |
Tilføj Tag
Ingen Tags, Vær først til at tagge denne postø!
|
MARC
| LEADER | 00000cam a2200000 a 4500 | ||
|---|---|---|---|
| 001 | UCE8619 | ||
| 003 | CL-VaPUC | ||
| 005 | 20220714152347.0 | ||
| 008 | 150820e19860000cl |||||||||||||||||spa|d | ||
| 999 | |c 360416 |d 360414 | ||
| 020 | |a 9586141772 | ||
| 020 | |a 9586141780 (v.1) | ||
| 020 | |a 9586141799 (v.2) | ||
| 020 | |a 9586141802 (v.3) | ||
| 020 | |a 9586141810 (v.4) | ||
| 040 | |c Pontificia Universidad Católica de Valparaíso | ||
| 082 | 0 | 4 | |a 920.02 PUJ 1986 |2 21 |
| 100 | 0 | |a Pujol, Carlos |9 581345 | |
| 245 | 1 | 4 | |a Los 131 personajes que más han influido en la formación de nuestro mundo. |
| 260 | 0 | 3 | |a Santiago, Chile |b Planeta |c 1986 |
| 300 | |a 4 tomos. | ||
| 583 | |a last modification |c 20150820 22:36:00 |k Rodrigo Vera | ||
| 650 | 0 | |a Personajes históricos |9 476624 | |
| 650 | 0 | |a Biografías |9 255210 | |
| 650 | 0 | |a Historia universal |9 266877 | |
| 942 | |c BK |2 ddc | ||
| 945 | |d 20150820 22:36:00 |a gsalatino | ||
| 952 | |0 0 |1 0 |3 erd |4 0 |6 920_020000000000000_PUJ_1986 |7 0 |8 X |9 470231 |a FDOBUD |b FDOBUD |h v.1 |i 5169542 |o 920.02 PUJ 1986 |p 5169542 |r 2019-11-23 |t 1 |w 2019-11-23 |y BK_X |z Catalogado en:20150820 |k BUD | ||
| 952 | |0 0 |1 0 |3 erd |4 0 |6 920_020000000000000_PUJ_1986 |7 0 |8 X |9 470232 |a FDOBUD |b FDOBUD |h v.2 |i 5169550 |o 920.02 PUJ 1986 |p 5169550 |r 2019-11-23 |t 1 |w 2019-11-23 |y BK_X |z Catalogado en:20150820 |k BUD | ||
| 952 | |0 0 |1 0 |3 erd |4 0 |6 920_020000000000000_PUJ_1986 |7 0 |8 X |9 470233 |a FDOBUD |b FDOBUD |h v.3 |i 5169569 |o 920.02 PUJ 1986 |p 5169569 |r 2019-11-23 |t 1 |w 2019-11-23 |y BK_X |z Catalogado en:20150820 |k BUD | ||
| 952 | |0 0 |1 0 |3 erd |4 0 |6 920_020000000000000_PUJ_1986 |7 0 |8 X |9 470234 |a FDOBUD |b FDOBUD |h v.4 |i 5169577 |o 920.02 PUJ 1986 |p 5169577 |r 2019-11-23 |t 1 |w 2019-11-23 |y BK_X |z Catalogado en:20150820 |k BUD | ||